| 000 | 00517nam a22001937a 4500 | ||
|---|---|---|---|
| 003 | KOHA_MİRAKIL | ||
| 005 | 20240930101028.0 | ||
| 008 | 240929b2022 tu ||||| |||| 00| 0 tur d | ||
| 020 | _a9786254151200 | ||
| 040 |
_aTR-AnABB _btur _cTR-AnABB |
||
| 041 | _atur | ||
| 082 |
_a813.42 _bARS 2022 |
||
| 100 | _aArslan, Nejla. | ||
| 245 | 0 |
_aGün ışığı / _cNejla Arslan. |
|
| 260 |
_aAnkara : _bKloras Yayınları, _c2022. |
||
| 300 |
_a192 sayfa ; _c20 cm. |
||
| 650 | _aTürk edebiyatı, roman | ||
| 942 |
_2ddc _cBK |
||
| 999 |
_c2720 _d2720 |
||